000 00702nam a2200289Ia 4500
005 20260324122858.0
008 008 260324s9999 xx 000 0 eng d
020 _a9780203155769
037 _aEBOOK
040 _aCRL
040 _beng
040 _cCRL
041 _2eng
041 _aeng
084 _qCRL
100 _aSteven F. Walker
_91168174
245 0 _aMidlife Transformation in Literature and Film
245 0 _bJungian and Eriksonian Perspectives
260 _bTaylor and Francis
260 _c2012
365 _a
365 _b195
856 _uhttp://www.taylorfrancis.com/books/9780203155769
942 _cEBOOK
999 _c1761227
_d1761227